Inprise application server / (Registro nro. 3454)

Detalles MARC
000 -CABECERA
Campo de control 00826nam a2200241 a 4500
005 - FECHA Y HORA DE LA ULTIMA TRANSACCION
Campo de control 20180803165105.0
008 - ELEMENTOS DE LONGITUD FIJA—INFORMACION GENERAL
Campo de control 140311b19992000caua||||r|||| 00| 0 eng d
040 ## - FUENTE DE CATALOGACIÓN
Agencia catalogadora original CO-BoIAVH
Agencia transcriptora CO-BoIAVH
041 0# - IDIOMA
Código de idioma para texto/pista de sonido o título separado Inglés
044 ## - PAÍS DE PUBLICACIÓN
País de publicación Estados Unidos
082 04 - NUMERO DE CLASIFICACION DECIMAL DEWEY
Número de clasificación 005.3762
Número del ítem I58a
110 2# - ASIENTO PRINCIPAL--NOMBRE CORPORATIVO
Nombre corporativo o de jurisdicción como elemento de entrada Inprise Corporation
9 (RLIN) 92311
245 10 - MENCION DE TITULO
Título Inprise application server /
260 ## - PUBLICACION, DISTRIBUCION, ETC. (PIE DE IMPRENTA)
Lugar de publicación, distribución, etc. Scotts Valley :
Nombre del editor, distribuidor, etc. Inprise Corporation,
Fecha de publicación, distribución, etc. 1999-2000.
300 ## - DESCRIPCION FISICA
Extensión 2 volúmenes :
Otros detalles físicos ilustraciones ;
Dimensiones 23 x 18 cm.
505 0# - NOTA DE CONTENIDO
Nota de contenido Vol. 1: Enterprise javabeans, programmer's guide
505 0# - NOTA DE CONTENIDO
Nota de contenido Vol. 2: User's guide
650 26 - ASIENTO SECUNDARIO DE MATERIA - TERMINO TEMATICO
Término temático o nombre geográfico como elemento de entrada Java (Lenguaje de programación)
Subdivisión de forma Manuales
9 (RLIN) 76152
650 24 - ASIENTO SECUNDARIO DE MATERIA - TERMINO TEMATICO
Término temático o nombre geográfico como elemento de entrada Inprise application server
Subdivisión de forma Manuales
9 (RLIN) 76153
650 24 - ASIENTO SECUNDARIO DE MATERIA - TERMINO TEMATICO
Término temático o nombre geográfico como elemento de entrada Servidores de red
Subdivisión de forma Manuales
9 (RLIN) 76154
650 24 - ASIENTO SECUNDARIO DE MATERIA - TERMINO TEMATICO
Término temático o nombre geográfico como elemento de entrada Servidores de red
Subdivisión general transacciones
9 (RLIN) 76155
942 ## - ELEMENTOS ADICIONALES (KOHA)
Tipo de ítem Libro
Sistema de clasificación Dewey Decimal Classification
Existencias
Withdrawn status Lost status Sistema de Clasificación Damaged status No para préstamo Colección Ubicación Permanente Ubicación actual Fecha de adquisición Total Checkouts Número topográfico Inventario / Código de Barras Date last seen Ejemplar Price effective from Forma de adquisición Tipo de material
    Dewey Decimal Classification     TIC Villa de Leyva Villa de Leyva 04/12/2012   LB-005.3762 I58a 014843 04/12/2012 V. 1 Ej. 1 04/12/2012 Donación Libro
    Dewey Decimal Classification     TIC Villa de Leyva Villa de Leyva 04/12/2012   LB-005.3762 I58a 014844 04/12/2012 V. 2 Ej. 1 04/12/2012 Donación Libro